| 000 | 01398nam a2200373 i 4500 | ||
|---|---|---|---|
| 005 | 20220317001737.0 | ||
| 007 | ta | ||
| 008 | 210819s2007 mx a br 000 j spa d | ||
| 020 | _a9789681684327 | ||
| 040 |
_aCO-BoRNBP _bspa _cCO-BoRNBP _erda |
||
| 041 | 1 |
_aspa _hjpn |
|
| 084 | _aC KAN2 | ||
| 100 | 1 |
_aKano _d1969- _eautor |
|
| 245 | 1 | 0 |
_aToto y Taroh _cKano ; ilustraciones de Masakane Yonekura ; traducción del japonés de Jaime Barrera Parra |
| 250 | _aPrimera edición | ||
| 264 | 1 |
_aMéxico _bFondo de Cultura Económica _c2007 |
|
| 300 |
_a[41] páginas _bilustraciones _c27 cm |
||
| 336 |
_atexto _btxt _2rdacontent |
||
| 337 |
_asin mediación _bn _2rdamedia |
||
| 338 |
_avolumen _bnc _2rdacarrier |
||
| 490 | 0 | _aColección Los Especiales de A la Orilla del Viento | |
| 521 | _aRecomendado para un público infantil mayor de 6 años | ||
| 534 | _tToto to Taroh | ||
| 545 | _aIncluye datos biográficos del autor e ilustrador al final del texto | ||
| 650 | 1 | 7 |
_aCuentos infantiles japoneses _ySiglo XX _2LEMB |
| 650 | 1 | 7 |
_aLiteratura infantil japonesa _ySiglo XX _2LEMB |
| 650 | 1 | 7 |
_aAutores japoneses _ySiglo XX _2LEMB |
| 650 | 1 | 7 |
_aAnimales acuaticos _vCuentos _2LEMB |
| 650 | 1 | 7 |
_aPeces _vCuentos _2LEMB |
| 650 | 1 | 7 |
_aSoledad _vCuentos _2LEMB |
| 700 | 1 |
_aYonekura, Masakane _d1934- _eilustrador _9182581 |
|
| 700 | 1 |
_aBarrera Parra, Jaime _etraductor _969036 |
|
| 942 |
_2loc _cBKLIT |
||
| 999 |
_c7939 _d7939 |
||